000
00328nam a2200133Ia 4500
008
151001s9999||||xx |||||||||||||| ||und||
100
_a
ना सी फडके
245
_a
दौलत
250
_a
1
260
_b
अंजली प्रकाशन पुणे
260
_c
1955
300
_a
320
365
_b
7.5
999
_c
950394
_d
950391